000 00495nam a2200181Ia 4500
005 20250508150923.0
008 008 250505s9999 xx 000 0 eng d
037 _aTextual
040 _aFEDL
_beng
_cFEDL
041 _aeng
_2eng
084 _a650.7, BOM
_qFEDL
245 0 _aFacilities for commerical education in the state of Bombay
245 0 _cGovernment of Bombay
300 _a25p.
546 _aWeeded out
942 _cTEXL
_h650.7, BOM
999 _c1326487
_d1326487